|
|
|
|
| LEADER |
00726nam a2200205 i 4500 |
| 001 |
c000071035 |
| 003 |
CARM |
| 005 |
00000000000000.0 |
| 008 |
810321s1966 fr 00000 fre d |
| 019 |
1 |
|
|a 6102830
|z 27991626
|5 LACONCORD2021
|
| 035 |
|
|
|a (OCoLC)3209249
|5 LACONCORD2021
|
| 100 |
1 |
|
|a Cadier, Jean.
|
| 245 |
0 |
0 |
|a Calvin.
|
| 260 |
|
|
|a Paris :
|b Presses Universitaires de France,
|c 1966.
|
| 300 |
|
|
|a 161p.
|
| 490 |
0 |
|
|a Mythes et religions ;
|v 58
|
| 600 |
1 |
0 |
|a Calvin, Jean,
|d 1509-1564.
|
| 852 |
8 |
|
|b CARM
|h A2:AF27G0
|i A00455
|p 0021685
|f BK
|
| 999 |
f |
f |
|i 33f69df5-a4c8-5364-91c6-4c0bb5ed68eb
|s deba78c2-65d5-5992-a274-b94d77d1dfdc
|
| 952 |
f |
f |
|p Can circulate
|a CAVAL
|b CAVAL
|c CAVAL
|d CARM 1 Store
|e A00455
|f A2:AF27G0
|h Other scheme
|i book
|m 0021685
|